000 01467cam a2200397 4500
001 L128747
002 8269
008 050210n2005 000 0 eng u
020 _a072820455X
035 _a(Sirsi) u128747
041 _aeng
050 _a333.332026
100 _aBaum, Andrew
245 _aStatutory valuations
250 _a3rd rev. ed.
260 _aLondon
_bEstates Gazette
_c2005
300 _axxxiii, 336p
_c23cm
350 _a35
520 _aExamines the effect of legislation and case law on property valuation. Updated to incorporate changes in property law relating to leasehold enfranchisement up to and including the Housing Act 1996. Recommends approaches to valuation problems and interprets the legal framework to these approaches. Includes worked examples of valuations with tables of cases and statutes. Aimed at both students and practitioners.
520 _aSuperseded by fourth edition (ISBN 9780728205048).
590 _aNB
590 _aNB
590 _aNB
590 _aNB
590 _aNB
650 _aPROPERTY-COMMERCIAL PROPERTY
650 _aCOMPENSATION
650 _aCompulsory purchase
_96228
650 _aLEASEHOLD REFORM
650 _aPROPERTY-RESIDENTIAL PROPERTY-RESIDENTIAL LANDLORD AND TENANT-RESIDENTIAL TENANCIES
650 _aValuation
_96273
650 _aRESIDENTIAL PROPERTY
_96266
690 _aPROPERTY-PROPERTY APPRAISAL AND VALUATION
700 _aSams, Gary
942 _n0
999 _c104007
_d104007